[Event "Madrid ch 2016/2017 - Previa B"]
[Site "Madrid ESP"]
[Date "2017.02.04"]
[Round "3.11"]
[White "Cuellar Gutierrez, Raul"]
[Black "Herreros Villalba, Ana"]
[Result "1-0"]
[WhiteElo "1835"]
[BlackElo "1114"]
[PlyCount "87"]
[EventDate "2017.02.02"]
[EventType "swiss"]
[EventRounds "9"]
[EventCountry "ESP"]
[SourceTitle "Ajedrez en Madrid"]
[Source "lmi"]
[SourceDate "2017.02.02"]

1. e4 e5 2. Nf3 d6 3. Bc4 Bg4 4. c3 Bxf3 5. Qxf3 Nf6 6. d4 Nbd7 7. O-O g6 8. h3
Bg7 9. Be3 O-O 10. Nd2 a6 11. Qe2 Re8 12. Qd3 Qc8 13. a4 c6 14. Bb3 Qc7 15. f4
h6 16. fxe5 dxe5 17. Bf2 Rad8 18. Qg3 g5 19. Be3 Rf8 20. Qf3 Qb8 21. d5 cxd5
22. exd5 Qc7 23. Rac1 Nc5 24. c4 a5 25. Bc2 b6 26. b3 Qe7 27. Qf5 Qd6 28. Bxc5
Qxc5+ 29. Kh2 Rfe8 30. Ne4 Qe7 31. Nxf6+ Bxf6 32. Qxf6 Qxf6 33. Rxf6 Kg7 34.
Rcf1 Rf8 35. Rxb6 f6 36. Rb7+ Kg8 37. Rh7 Rd6 38. Rxh6 Kg7 39. Rh7+ Kg8 40. Ra7
Re8 41. Be4 Rf8 42. c5 Rdd8 43. d6 Rb8 44. c6 1-0

[Event "Madrid ch 2016/2017 - Previa B"]
[Site "Madrid ESP"]
[Date "2017.02.04"]
[Round "3.12"]
[White "Alvear Zapata, Juan Pablo"]
[Black "Peña Marina, Jose Maria"]
[Result "1-0"]
[WhiteElo "1503"]
[BlackElo "1762"]
[PlyCount "29"]
[EventDate "2017.02.02"]
[EventType "swiss"]
[EventRounds "9"]
[EventCountry "ESP"]
[SourceTitle "Ajedrez en Madrid"]
[Source "lmi"]
[SourceDate "2017.02.02"]

1. e4 e6 2. d4 d5 3. Nc3 Nf6 4. e5 Nfd7 5. Nce2 c5 6. c3 Nc6 7. Nf3 Be7 8. Ng3
O-O 9. Bd3 Re8 10. h4 Nf8 11. Ng5 cxd4 12. Bxh7+ Nxh7 13. Qh5 Nxg5 14. hxg5 f5
15. g6 1-0

[Event "Madrid ch 2016/2017 - Previa B"]
[Site "Madrid ESP"]
[Date "2017.02.04"]
[Round "3.14"]
[White "Molina Garcia, Francisco J"]
[Black "Baeza Escudero, Javier"]
[Result "0-1"]
[WhiteElo "1965"]
[BlackElo "1821"]
[PlyCount "90"]
[EventDate "2017.02.02"]
[EventType "swiss"]
[EventRounds "9"]
[EventCountry "ESP"]
[SourceTitle "Ajedrez en Madrid"]
[Source "lmi"]
[SourceDate "2017.02.02"]

1. d4 Nf6 2. Nf3 g6 3. Bf4 Bg7 4. e3 O-O 5. Be2 d6 6. h3 Nc6 7. O-O Nd7 8. c4
e5 9. Bh2 f5 10. Nc3 Kh8 11. Qd2 e4 12. Ne1 Nf6 13. Nc2 Ne7 14. b4 g5 15. c5
dxc5 16. bxc5 c6 17. Na3 Nfd5 18. Nxd5 Nxd5 19. Bd6 b5 20. Bxf8 Qxf8 21. f3 f4
22. fxe4 Nxe3 23. Qxe3 fxe3 24. Rxf8+ Bxf8 25. Nc2 a5 26. Nxe3 Be6 27. a3 Rd8
28. Rd1 Bb3 29. Rd3 Ba2 30. Rd1 b4 31. axb4 axb4 32. Nc4 Rxd4 33. Nd6 Rxd1+ 34.
Bxd1 b3 35. Nc4 Bxc5+ 36. Kf1 Bd4 37. Nd2 b2 38. Bc2 Kg7 39. Ke2 Kf6 40. e5+
Bxe5 41. Bxh7 Bf4 42. Nb1 Ke5 43. Kd1 Bd5 44. Nd2 Bxd2 45. Kxd2 Be4 0-1

[Event "Madrid ch 2016/2017 - Previa B"]
[Site "Madrid ESP"]
[Date "2017.02.04"]
[Round "3.15"]
[White "Moro Serrano, Federico"]
[Black "Osuna Osuna, Francisco"]
[Result "1-0"]
[WhiteElo "1626"]
[BlackElo "1588"]
[PlyCount "45"]
[EventDate "2017.02.02"]
[EventType "swiss"]
[EventRounds "9"]
[EventCountry "ESP"]
[SourceTitle "Ajedrez en Madrid"]
[Source "lmi"]
[SourceDate "2017.02.02"]

1. d4 f5 2. h3 Nf6 3. g4 fxg4 4. hxg4 Nxg4 5. Qd3 Nf6 6. Rxh7 d5 7. Qg6+ Kd7 8.
Rxh8 c5 9. Qf7 Nc6 10. Bh3+ Kc7 11. Rxf8 Qd6 12. Rxc8+ Rxc8 13. Bxc8 Nxd4 14.
Na3 Kxc8 15. Qf8+ Kd7 16. Qxg7 Ne4 17. Be3 Qb6 18. Bxd4 cxd4 19. O-O-O Nxf2 20.
Qxd4 Qh6+ 21. Rd2 Qh2 22. Qxd5+ Kc7 23. Qc5+ 1-0

[Event "Madrid ch 2016/2017 - Previa B"]
[Site "Madrid ESP"]
[Date "2017.02.04"]
[Round "3.17"]
[White "Martinez Pascual, Gonzalo"]
[Black "Cortijo Manso, Luis"]
[Result "0-1"]
[WhiteElo "1493"]
[BlackElo "1518"]
[PlyCount "100"]
[EventDate "2017.02.02"]
[EventType "swiss"]
[EventRounds "9"]
[EventCountry "ESP"]
[SourceTitle "Ajedrez en Madrid"]
[Source "lmi"]
[SourceDate "2017.02.02"]

1. d4 Nf6 2. Bf4 d5 3. Nf3 e6 4. e3 c5 5. c3 Nc6 6. Bd3 c4 7. Bc2 Qb6 8. Qc1
Be7 9. Nbd2 Qd8 10. O-O Nh5 11. Bg3 Nxg3 12. hxg3 Bf6 13. e4 g6 14. Re1 O-O 15.
e5 Bg7 16. b3 b5 17. bxc4 bxc4 18. Nf1 Ne7 19. Ne3 Bh6 20. Qd1 Qa5 21. Ng4 Bg7
22. Qd2 Nf5 23. Rec1 Qd8 24. Bxf5 exf5 25. Nh6+ Kh8 26. Nh2 g5 27. Nxf7+ Rxf7
28. Nf3 h6 29. Re1 Be6 30. Rab1 Qc8 31. Nh2 Rb8 32. f4 g4 33. Nf1 Rfb7 34. Rxb7
Rxb7 35. Ne3 Qb8 36. Nc2 a5 37. a4 Rb2 38. Ra1 Bf8 39. Kf2 Qb3 40. Rc1 Ba3 41.
Ke3 Ra2 42. Rh1 Kh7 43. Rh2 Rxc2 44. Qxc2 Qxc2 45. Rxh6+ Kg7 46. Rh7+ Kf8 47.
Rh8+ Ke7 48. Re8+ Kf7 49. Rf8+ Kg7 50. Rf6 Bc1# 0-1

[Event "Madrid ch 2016/2017 - Previa B"]
[Site "Madrid ESP"]
[Date "2017.02.10"]
[Round "4.1"]
[White "Marin Aso, Jose Luis"]
[Black "Tarrio Ocaña, Jose Manuel"]
[Result "1-0"]
[WhiteElo "1882"]
[BlackElo "1785"]
[PlyCount "53"]
[EventDate "2017.02.02"]
[EventType "swiss"]
[EventRounds "9"]
[EventCountry "ESP"]
[SourceTitle "Ajedrez en Madrid"]
[Source "lmi"]
[SourceDate "2017.02.02"]

1. e4 e6 2. d4 d5 3. Nd2 Nf6 4. e5 Nfd7 5. Bd3 c5 6. c3 Nc6 7. Ne2 Qb6 8. Nf3
cxd4 9. cxd4 Be7 10. O-O f6 11. exf6 Nxf6 12. Nc3 O-O 13. a3 a6 14. Bg5 Qc7 15.
Bh4 Bd6 16. Bg3 Bd7 17. Rc1 Rae8 18. Ne5 Qb8 19. Re1 Re7 20. b4 Be8 21. b5 axb5
22. Nxb5 Bxe5 23. dxe5 Nd7 24. Qc2 g6 25. Qb2 Nd8 26. Nd6 Nf7 27. Nc8 1-0

[Event "Madrid ch 2016/2017 - Previa B"]
[Site "Madrid ESP"]
[Date "2017.02.10"]
[Round "4.2"]
[White "Garcia Prados, David"]
[Black "Ocaña Lameiro, Oliver"]
[Result "1-0"]
[WhiteElo "1928"]
[BlackElo "1982"]
[PlyCount "81"]
[EventDate "2017.02.02"]
[EventType "swiss"]
[EventRounds "9"]
[EventCountry "ESP"]
[SourceTitle "Ajedrez en Madrid"]
[Source "lmi"]
[SourceDate "2017.02.02"]

1. e4 c6 2. d3 d5 3. Nd2 g6 4. Ngf3 Bg7 5. c3 e5 6. g3 Ne7 7. Bg2 dxe4 8. dxe4
O-O 9. O-O b6 10. Nc4 Ba6 11. Qb3 Qc7 12. Rd1 Nd7 13. Be3 Nc5 14. Bxc5 bxc5 15.
Ne3 Rad8 16. Rxd8 Rxd8 17. Rd1 h6 18. Bf1 Rxd1 19. Qxd1 Bxf1 20. Kxf1 Nc8 21.
Nc4 Nb6 22. Nfd2 Qd7 23. Qf3 Qh3+ 24. Kg1 Qe6 25. Qd3 Bf8 26. b3 f6 27. Kg2 Kf7
28. Nxb6 axb6 29. Qa6 b5 30. a4 Qd7 31. Nf3 Bd6 32. a5 Ke7 33. Nh4 Kf7 34. Qa8
b4 35. c4 g5 36. Nf5 Bf8 37. a6 Qd3 38. Qb7+ Kg6 39. Qxc6 g4 40. Nh4+ Kg5 41.
a7 1-0

[Event "Madrid ch 2016/2017 - Previa B"]
[Site "Madrid ESP"]
[Date "2017.02.10"]
[Round "4.3"]
[White "Morera Rodriguez, Ignacio"]
[Black "Barragan Arriaza, Pablo"]
[Result "0-1"]
[WhiteElo "1972"]
[BlackElo "1813"]
[PlyCount "132"]
[EventDate "2017.02.02"]
[EventType "swiss"]
[EventRounds "9"]
[EventCountry "ESP"]
[SourceTitle "Ajedrez en Madrid"]
[Source "lmi"]
[SourceDate "2017.02.02"]

1. d4 d5 2. c4 c6 3. e3 Nf6 4. Nc3 e6 5. a3 Nbd7 6. Bd2 Be7 7. Nf3 O-O 8. Qc2
b6 9. cxd5 exd5 10. Bd3 h6 11. O-O Bb7 12. b4 Rc8 13. Bf5 Qc7 14. Rac1 Bd6 15.
Qa4 Qb8 16. Ne2 g6 17. Bh3 Rfd8 18. Bc3 Ne4 19. Ba1 f5 20. Ne5 Nxe5 21. dxe5 b5
22. Qd1 Bxe5 23. Bxe5 Qxe5 24. Nd4 Ng5 25. Kh1 Nxh3 26. gxh3 Rd6 27. Rg1 Kh7
28. Qe2 Re8 29. Qf3 Qf6 30. Rg2 Re4 31. Ne2 Qf7 32. Rcg1 Rf6 33. Nf4 g5 34. Nh5
Rfe6 35. h4 Rxh4 36. Ng3 Rf6 37. Qd1 f4 38. exf4 Rhxf4 39. Nh5 d4 40. Nxf6+
Qxf6 41. Qc2+ Kg7 42. Qc5 Bc8 43. Qxa7+ Kg6 44. Qb8 Be6 45. Rf1 Bd5 46. Qe8+
Qf7 47. Qe2 Bxg2+ 48. Kxg2 Qd5+ 49. f3 d3 50. Qd2 Rc4 51. Rc1 Rxc1 52. Qxc1
Qa2+ 53. Kg3 Qc2 54. Qe3 Qe2 55. Qc5 Qe6 56. Qc3 Qd6+ 57. Kg2 d2 58. Qc2+ Kh5
59. Qd1 Qf4 60. Qe2 g4 61. Qe8+ Kh4 62. Qe7+ Qg5 63. Qd6 gxf3+ 64. Kf2 Qg2+ 65.
Ke3 Qe2+ 66. Kf4 Qxh2+ 0-1

[Event "Madrid ch 2016/2017 - Previa B"]
[Site "Madrid ESP"]
[Date "2017.02.10"]
[Round "4.4"]
[White "Vazquez Gonzalez, Francisco"]
[Black "Leniz Martinez, Francisco"]
[Result "1-0"]
[WhiteElo "1943"]
[BlackElo "1721"]
[PlyCount "81"]
[EventDate "2017.02.02"]
[EventType "swiss"]
[EventRounds "9"]
[EventCountry "ESP"]
[SourceTitle "Ajedrez en Madrid"]
[Source "lmi"]
[SourceDate "2017.02.02"]

1. e4 c5 2. Nc3 Nc6 3. a3 Nf6 4. Nf3 d6 5. d4 cxd4 6. Nxd4 a6 7. Be2 e6 8. Be3
Bd7 9. O-O Be7 10. f4 O-O 11. Kh1 Rc8 12. Qe1 Nxd4 13. Bxd4 Bc6 14. Bd3 Qc7 15.
Qg3 Ne8 16. e5 dxe5 17. fxe5 g6 18. Rae1 Qd8 19. Qg4 h5 20. Qf4 Bg5 21. Qf2 Bh4
22. Qf4 Bg5 23. Qf2 Bh4 24. Qe3 Bg5 25. Qg1 Ng7 26. Bc5 Be7 27. Bb6 Qe8 28. Qf2
Nf5 29. Ne4 Kg7 30. Qf4 Bb5 31. Nf6 Qc6 32. Be3 Rh8 33. c4 Nxe3 34. Rxe3 Bxc4
35. Be4 Bd5 36. Nxd5 exd5 37. Qxf7+ Kh6 38. Bxd5 Qc5 39. Rg3 Rhg8 40. Be4 Bg5
41. Rxg5 1-0

[Event "Madrid ch 2016/2017 - Previa B"]
[Site "Madrid ESP"]
[Date "2017.02.10"]
[Round "4.5"]
[White "Fernandez Estremera, Fernando"]
[Black "Anton Quevedo, Andrea"]
[Result "1/2-1/2"]
[WhiteElo "1793"]
[BlackElo "1922"]
[PlyCount "122"]
[EventDate "2017.02.02"]
[EventType "swiss"]
[EventRounds "9"]
[EventCountry "ESP"]
[SourceTitle "Ajedrez en Madrid"]
[Source "lmi"]
[SourceDate "2017.02.02"]

1. d4 Nf6 2. c4 g6 3. Nc3 d5 4. cxd5 Nxd5 5. e4 Nxc3 6. bxc3 Bg7 7. Nf3 c5 8.
Rb1 Qa5 9. Rb5 Qxc3+ 10. Bd2 Qa3 11. Qc2 c4 12. Rc5 Nc6 13. Qxc4 O-O 14. Be2
Bg4 15. e5 Rad8 16. Be3 Qb4+ 17. Qxb4 Nxb4 18. Rb5 Nc2+ 19. Kd2 Bxf3 20. Bxf3
Nxd4 21. Bxd4 Rxd4+ 22. Kc2 b6 23. Rd1 Rfd8 24. Rxd4 Rxd4 25. Kc3 Rd7 26. Bg4
Rc7+ 27. Kb3 e6 28. f4 Rc1 29. Rb4 Bf8 30. Ra4 a5 31. Rd4 Bc5 32. Rc4 Rf1 33.
Kc3 Rc1+ 34. Kd3 Rxc4 35. Kxc4 Be3 36. Kb5 Kf8 37. h3 Ke7 38. Kc6 a4 39. a3 Bc5
40. Bd1 Bxa3 41. Kxb6 Bc1 42. Bxa4 Bxf4 43. Kc5 Bxe5 44. Kc4 f5 45. Kd3 Bf4 46.
Bb3 g5 47. Ke2 e5 48. Kf3 e4+ 49. Ke2 Kd6 50. Ba2 Ke5 51. Bb3 Kf6 52. Kf2 e3+
53. Kf3 g4+ 54. hxg4 fxg4+ 55. Ke2 h5 56. Ba4 Kg5 57. Be8 h4 58. Bd7 h3 59.
gxh3 g3 60. Bc6 Kh4 61. Bg2 Bh6 1/2-1/2

[Event "Madrid ch 2016/2017 - Previa B"]
[Site "Madrid ESP"]
[Date "2017.02.10"]
[Round "4.6"]
[White "Vazquez Gonzalez, Jesus"]
[Black "Dominguez Afonso, Ayraldo"]
[Result "1-0"]
[WhiteElo "1911"]
[BlackElo "1595"]
[PlyCount "81"]
[EventDate "2017.02.02"]
[EventType "swiss"]
[EventRounds "9"]
[EventCountry "ESP"]
[SourceTitle "Ajedrez en Madrid"]
[Source "lmi"]
[SourceDate "2017.02.02"]

1. e4 e5 2. Nf3 Nc6 3. Bc4 Nf6 4. Ng5 d5 5. exd5 Na5 6. Bb5+ c6 7. dxc6 bxc6 8.
Bd3 Bc5 9. Qe2 O-O 10. c3 Nb7 11. Ne4 Bb6 12. Na3 Nd5 13. Bc4 Be6 14. d3 Nd6
15. Bb3 Nb5 16. Nc2 Ndc7 17. Bxe6 Nxe6 18. a4 Nd6 19. O-O f5 20. Nxd6 Qxd6 21.
Kh1 Rf6 22. Na3 Bc7 23. Nc4 Qd5 24. Ne3 Qd6 25. g3 f4 26. Nc4 f3 27. Qe4 Qd7
28. Nxe5 Bxe5 29. Qxe5 Qxd3 30. Be3 Qg6 31. h4 Rf5 32. Qe4 Re8 33. Qxc6 Rh5 34.
Qxf3 Rf8 35. Qg2 Rhf5 36. Bxa7 Nc5 37. Bxc5 Rxc5 38. a5 Rb8 39. a6 Rc6 40. a7
Ra8 41. Ra6 1-0

[Event "Madrid ch 2016/2017 - Previa B"]
[Site "Madrid ESP"]
[Date "2017.02.10"]
[Round "4.7"]
[White "Garcia Serrano, Jose M"]
[Black "Alameda Arellano, Cristeto"]
[Result "1-0"]
[WhiteElo "1859"]
[BlackElo "1507"]
[PlyCount "69"]
[EventDate "2017.02.02"]
[EventType "swiss"]
[EventRounds "9"]
[EventCountry "ESP"]
[SourceTitle "Ajedrez en Madrid"]
[Source "lmi"]
[SourceDate "2017.02.02"]

1. e4 c6 2. Nf3 d5 3. Nc3 dxe4 4. Nxe4 Nf6 5. Qe2 Bf5 6. d3 e6 7. Bd2 Be7 8.
O-O-O Qd5 9. c4 Qd7 10. h3 c5 11. g4 Bg6 12. h4 Nxg4 13. h5 Bxe4 14. dxe4 Qa4
15. Kb1 a5 16. Rg1 Nf6 17. Rxg7 Nxh5 18. Rxf7 Nc6 19. Ne1 Nf6 20. b3 Nd4 21.
Rxe7+ Kxe7 22. bxa4 Nxe2 23. Bxe2 Nxe4 24. Bf3 Nxf2 25. Bg5+ Kf8 26. Bh6+ Kf7
27. Rd7+ Kg6 28. Be3 Nh3 29. Be4+ Kf6 30. Bxc5 Rac8 31. Nd3 Rhe8 32. Rxh7 Ng5
33. Rh6+ Kg7 34. Rg6+ Kf7 35. Ne5# 1-0

[Event "Madrid ch 2016/2017 - Previa B"]
[Site "Madrid ESP"]
[Date "2017.02.10"]
[Round "4.8"]
[White "Rodriguez Bernal, Herman"]
[Black "Cuellar Gutierrez, Raul"]
[Result "1/2-1/2"]
[WhiteElo "1781"]
[BlackElo "1835"]
[PlyCount "67"]
[EventDate "2017.02.02"]
[EventType "swiss"]
[EventRounds "9"]
[EventCountry "ESP"]
[SourceTitle "Ajedrez en Madrid"]
[Source "lmi"]
[SourceDate "2017.02.02"]

1. d4 Nf6 2. c4 e6 3. Nf3 Bb4+ 4. Bd2 c5 5. Bxb4 cxb4 6. Nbd2 O-O 7. e4 d6 8.
Qc2 Nc6 9. Rd1 Qc7 10. Bd3 e5 11. d5 Ne7 12. c5 dxc5 13. Nc4 Ng6 14. d6 Qc6 15.
Ncxe5 Nxe5 16. Nxe5 Qxd6 17. Nxf7 Rxf7 18. Bc4 Qe7 19. Bxf7+ Kxf7 20. O-O Kg8
21. e5 Ne8 22. f4 Bg4 23. Rd2 Rc8 24. h3 Bd7 25. f5 c4 26. f6 gxf6 27. exf6
Nxf6 28. Rxf6 Qxf6 29. Rxd7 Qg6 30. Qd1 Qc6 31. Qg4+ Qg6 32. Qd1 Qc6 33. Qg4+
Qg6 34. Qd1 1/2-1/2

[Event "Madrid ch 2016/2017 - Previa B"]
[Site "Madrid ESP"]
[Date "2017.02.10"]
[Round "4.9"]
[White "Baeza Escudero, Javier"]
[Black "Alvear Zapata, Juan Pablo"]
[Result "1-0"]
[WhiteElo "1821"]
[BlackElo "1503"]
[PlyCount "51"]
[EventDate "2017.02.02"]
[EventType "swiss"]
[EventRounds "9"]
[EventCountry "ESP"]
[SourceTitle "Ajedrez en Madrid"]
[Source "lmi"]
[SourceDate "2017.02.02"]

1. d4 Nf6 2. Nf3 e6 3. e3 b6 4. Bd3 Bb7 5. O-O Ne4 6. Nfd2 Qh4 7. f3 Bd6 8. f4
Nxd2 9. Nxd2 g5 10. Be4 Bxe4 11. Nxe4 gxf4 12. Nxd6+ cxd6 13. Rxf4 Qg5 14. Qf3
Nc6 15. Rxf7 O-O-O 16. Bd2 Nxd4 17. Qa8+ Kc7 18. Qxa7+ Kc8 19. Qa6+ Kc7 20.
Qc4+ Nc6 21. a4 Qg6 22. Rf2 Rhg8 23. a5 Rdf8 24. axb6+ Kb8 25. Qa4 Kb7 26. Qa7+
1-0

[Event "Madrid ch 2016/2017 - Previa B"]
[Site "Madrid ESP"]
[Date "2017.02.10"]
[Round "4.10"]
[White "Ochoa Gonzalez, Hugo"]
[Black "Fernandez Garcia, Emiliano"]
[Result "1-0"]
[WhiteElo "1422"]
[BlackElo "1541"]
[PlyCount "89"]
[EventDate "2017.02.02"]
[EventType "swiss"]
[EventRounds "9"]
[EventCountry "ESP"]
[SourceTitle "Ajedrez en Madrid"]
[Source "lmi"]
[SourceDate "2017.02.02"]

1. e4 c5 2. Nf3 e6 3. d4 cxd4 4. Nxd4 a6 5. Bd3 b5 6. O-O Bb7 7. a4 b4 8. Qe2
Nf6 9. Nd2 Nc6 10. Nxc6 dxc6 11. Nb3 Be7 12. Be3 Nd7 13. Rfd1 Qc7 14. Rac1 O-O
15. c3 Bd6 16. Qh5 Nf6 17. Qh4 bxc3 18. Rxc3 Rab8 19. Bg5 Be5 20. f4 Bxc3 21.
bxc3 Rfd8 22. Nd4 e5 23. Bxf6 gxf6 24. Nf5 Qb6+ 25. Kh1 Qc5 26. Qg4+ Kf8 27.
Qg7+ Ke8 28. Qg8+ Qf8 29. Ng7+ Ke7 30. Qxh7 Qg8 31. Nf5+ Kd7 32. Qh4 Qh8 33.
Nh6 Kc7 34. fxe5 c5 35. Qf4 fxe5 36. Qe3 Qf8 37. Rf1 Rd7 38. Bc4 f6 39. Ng4 Rd6
40. Nxe5 Kb6 41. Nd3 Rc8 42. Rb1+ Ka7 43. Nxc5 Qe7 44. Rxb7+ Qxb7 45. Nxb7+ 1-0

[Event "Madrid ch 2016/2017 - Previa B"]
[Site "Madrid ESP"]
[Date "2017.02.10"]
[Round "4.12"]
[White "Ghavami, Mahmoud"]
[Black "Del Noval Nemeshazi, Nesztor"]
[Result "0-1"]
[WhiteElo "1586"]
[BlackElo "1878"]
[PlyCount "88"]
[EventDate "2017.02.02"]
[EventType "swiss"]
[EventRounds "9"]
[EventCountry "ESP"]
[SourceTitle "Ajedrez en Madrid"]
[Source "lmi"]
[SourceDate "2017.02.02"]

1. d4 Nf6 2. Nf3 g6 3. Bf4 Bg7 4. h3 O-O 5. e3 d6 6. c3 c5 7. Be2 Be6 8. O-O
Qb6 9. Qc2 Nc6 10. Nbd2 h6 11. Bc4 d5 12. dxc5 Qxc5 13. Bd3 Rac8 14. Nb3 Qb6
15. Nbd4 Nb4 16. Qe2 Nxd3 17. Nxe6 Nxf4 18. Nxf4 e6 19. Rfd1 a5 20. Rd2 a4 21.
a3 Ne4 22. Rdd1 Rc5 23. Nd3 Rc7 24. Rab1 Qa6 25. Kf1 Rfc8 26. Nde5 Qd6 27. Nd3
Bxc3 28. Rdc1 Bf6 29. Rxc7 Qxc7 30. Rc1 Qd7 31. Qd1 Rxc1 32. Qxc1 Qb5 33. Nfe1
b6 34. Kg1 Nc5 35. Nb4 Qc4 36. Qb1 Qb3 37. Ned3 Nxd3 38. Nxd3 e5 39. Nc1 Qd1+
40. Kh2 e4 41. Qa2 Qxc1 42. Qxd5 Qxb2 43. Qa8+ Kg7 44. Qxa4 Be5+ 0-1

[Event "Madrid ch 2016/2017 - Previa B"]
[Site "Madrid ESP"]
[Date "2017.02.10"]
[Round "4.13"]
[White "Peña Marina, Jose Maria"]
[Black "Perdiguero Herreros, Alejandro"]
[Result "1-0"]
[WhiteElo "1762"]
[BlackElo "1409"]
[PlyCount "53"]
[EventDate "2017.02.02"]
[EventType "swiss"]
[EventRounds "9"]
[EventCountry "ESP"]
[SourceTitle "Ajedrez en Madrid"]
[Source "lmi"]
[SourceDate "2017.02.02"]

1. c4 Nf6 2. Nc3 e6 3. Nf3 Nc6 4. d4 Bb4 5. Bd2 d5 6. e3 b6 7. cxd5 Bxc3 8.
Bxc3 Nxd5 9. Rc1 Bb7 10. Be2 O-O 11. O-O Nf6 12. b3 Ne7 13. h3 Rc8 14. Bb2 Qd6
15. Re1 Ned5 16. a3 Rfe8 17. Bd3 Re7 18. e4 Nf4 19. e5 Qd7 20. exf6 gxf6 21.
Be4 Ba6 22. Qd2 e5 23. dxe5 fxe5 24. Qxd7 Rxd7 25. Bf5 Rd2 26. Nxd2 Rd8 27. Nf3
1-0

[Event "Madrid ch 2016/2017 - Previa B"]
[Site "Madrid ESP"]
[Date "2017.02.10"]
[Round "4.16"]
[White "Herreros Villalba, Ana"]
[Black "Rodriguez Torres, Manuel"]
[Result "0-1"]
[WhiteElo "1114"]
[BlackElo "1588"]
[PlyCount "58"]
[EventDate "2017.02.02"]
[EventType "swiss"]
[EventRounds "9"]
[EventCountry "ESP"]
[SourceTitle "Ajedrez en Madrid"]
[Source "lmi"]
[SourceDate "2017.02.02"]

1. e4 c5 2. Nf3 Nc6 3. d3 Nf6 4. Bg5 d6 5. Nbd2 e5 6. g3 Be7 7. Bg2 Bg4 8. O-O
O-O 9. c3 Qd7 10. Qc2 Rac8 11. Be3 d5 12. exd5 Nxd5 13. Rfe1 Rfd8 14. Nc4 Nxe3
15. Rxe3 f6 16. Rae1 b5 17. Nfxe5 Nxe5 18. Nxe5 fxe5 19. Rxe5 Bf6 20. Rd5 Qxd5
21. Bxd5+ Rxd5 22. c4 Rd4 23. Re4 b4 24. Qa4 Rxe4 25. dxe4 Bf3 26. Qd7 Rd8 27.
Qe6+ Kh8 28. h4 Rd1+ 29. Kh2 Rh1# 0-1

[Event "Madrid ch 2016/2017 - Previa B"]
[Site "Madrid ESP"]
[Date "2017.02.10"]
[Round "4.17"]
[White "Pareja Cerrato, Antonio"]
[Black "Molina Garcia, Francisco J"]
[Result "0-1"]
[WhiteElo "1509"]
[BlackElo "1965"]
[PlyCount "64"]
[EventDate "2017.02.02"]
[EventType "swiss"]
[EventRounds "9"]
[EventCountry "ESP"]
[SourceTitle "Ajedrez en Madrid"]
[Source "lmi"]
[SourceDate "2017.02.02"]

1. e4 c5 2. Nc3 Nc6 3. Bb5 Nd4 4. Nge2 Nxb5 5. Nxb5 d6 6. d3 Nf6 7. b3 g6 8.
Bb2 Bg7 9. O-O O-O 10. Rb1 a6 11. Nbc3 b5 12. Nd5 e6 13. Ne3 Bb7 14. Ng3 d5 15.
e5 Nd7 16. d4 cxd4 17. Bxd4 Nxe5 18. Ng4 Nxg4 19. Bxg7 Kxg7 20. Qxg4 Rc8 21. c4
bxc4 22. Qd4+ Kg8 23. Qa7 Rc7 24. bxc4 Bc8 25. Qb6 Rxc4 26. Qa7 Qc7 27. Qe3 Bd7
28. Rb6 Bb5 29. Nh5 Rc8 30. Rxe6 fxe6 31. Qxe6+ Qf7 32. Nf6+ Kg7 0-1

[Event "Madrid ch 2016/2017 - Previa B"]
[Site "Madrid ESP"]
[Date "2017.02.10"]
[Round "4.18"]
[White "Osuna Osuna, Francisco"]
[Black "Ojosnegros Martin, Angel"]
[Result "1-0"]
[WhiteElo "1588"]
[BlackElo "1516"]
[PlyCount "135"]
[EventDate "2017.02.02"]
[EventType "swiss"]
[EventRounds "9"]
[EventCountry "ESP"]
[SourceTitle "Ajedrez en Madrid"]
[Source "lmi"]
[SourceDate "2017.02.02"]

1. e4 e5 2. Nf3 Nc6 3. Bc4 Bc5 4. Nc3 d6 5. d3 Nf6 6. Bg5 h6 7. Bxf6 Qxf6 8.
Nd5 Qd8 9. Qd2 a6 10. a4 Be6 11. c3 O-O 12. d4 exd4 13. Nxd4 Qh4 14. Qe3 Na5
15. Ba2 Bxd5 16. Bxd5 c6 17. Ba2 Rae8 18. Bb1 Nb3 19. g3 Qf6 20. Ra2 Qg6 21.
O-O Qf6 22. Qd3 Nxd4 23. cxd4 Bxd4 24. e5 Bxf2+ 25. Rxf2 Qg6 26. Qxg6 fxg6 27.
Rxf8+ Kxf8 28. Bxg6 Rxe5 29. b4 b6 30. Rf2+ Kg8 31. Bf7+ Kh7 32. Bc4 a5 33. b5
c5 34. Rd2 Re1+ 35. Kf2 Rc1 36. Bd3+ Kg8 37. Bc2 Kf8 38. Ke3 d5 39. Bg6 d4+ 40.
Ke4 Ra1 41. Rf2+ Kg8 42. Bf7+ Kf8 43. Bb3+ Ke8 44. Kd5 Re1 45. Kc6 Re3 46. Bc4
Rc3 47. Bd5 d3 48. Kxb6 Rc2 49. Rf1 c4 50. Rd1 d2 51. Ka7 c3 52. b6 Rb2 53. Be4
Kd8 54. Ka6 Rb4 55. Bc2 Rb2 56. b7 Kc7 57. Be4 c2 58. Bxc2 Rxc2 59. Kxa5 Kxb7
60. Kb4 Kb6 61. Kb3 Rc5 62. Rxd2 Rc7 63. Ra2 Ka5 64. Rc2 Rb7+ 65. Kc4 Rb4+ 66.
Kd5 Rxa4 67. Rc7 Ra2 68. Ra7+ 1-0

[Event "Madrid ch 2016/2017 - Previa B"]
[Site "Madrid ESP"]
[Date "2017.02.10"]
[Round "4.19"]
[White "Lopez Martinez, Antonio"]
[Black "Martinez Pascual, Gonzalo"]
[Result "1-0"]
[WhiteElo "1648"]
[BlackElo "1493"]
[PlyCount "67"]
[EventDate "2017.02.02"]
[EventType "swiss"]
[EventRounds "9"]
[EventCountry "ESP"]
[SourceTitle "Ajedrez en Madrid"]
[Source "lmi"]
[SourceDate "2017.02.02"]

1. e4 c6 2. d4 d5 3. Nc3 dxe4 4. Nxe4 Nd7 5. Bc4 Ngf6 6. f3 Nb6 7. Bb3 Bf5 8.
Ng3 Bg6 9. N1e2 e6 10. O-O Bd6 11. Nf4 Qc7 12. Nxg6 hxg6 13. f4 O-O-O 14. Qf3
Nfd5 15. c4 Nxc4 16. Bxc4 Rh4 17. Bxd5 exd5 18. Ne2 Rdh8 19. h3 Re8 20. g3 Rxh3
21. Qg4+ Qd7 22. Qxd7+ Kxd7 23. Kg2 Reh8 24. Kf3 Ke6 25. Be3 Kf5 26. Ng1 Rh2
27. g4+ Ke6 28. Rf2 Rh1 29. Raf1 Be7 30. Re2 Bd6 31. Bf2+ Kf6 32. Ree1 Bb4 33.
g5+ Kf5 34. Re5# 1-0

[Event "Madrid ch 2016/2017 - Previa B"]
[Site "Madrid ESP"]
[Date "2017.02.11"]
[Round "5.1"]
[White "Barragan Arriaza, Pablo"]
[Black "Marin Aso, Jose Luis"]
[Result "1/2-1/2"]
[WhiteElo "1813"]
[BlackElo "1882"]
[PlyCount "66"]
[EventDate "2017.02.02"]
[EventType "swiss"]
[EventRounds "9"]
[EventCountry "ESP"]
[SourceTitle "Ajedrez en Madrid"]
[Source "lmi"]
[SourceDate "2017.02.02"]

1. c4 e5 2. g3 d6 3. Bg2 g6 4. Nc3 Bg7 5. d3 Nf6 6. Nf3 c6 7. Rb1 O-O 8. O-O
Nbd7 9. b4 Re8 10. b5 d5 11. bxc6 bxc6 12. Nd2 Nb6 13. cxd5 cxd5 14. a4 Be6 15.
Ba3 Bf8 16. Bxf8 Rxf8 17. Nb3 Rc8 18. a5 Rxc3 19. axb6 axb6 20. Nd2 Qc7 21. Nf3
Rc2 22. Rxb6 Rc8 23. Rb1 d4 24. Ne1 Ra2 25. Nf3 Bg4 26. h3 Be6 27. Rc1 Qxc1 28.
Qxc1 Rxc1 29. Rxc1 Rxe2 30. Bf1 Ra2 31. Nxe5 Bd5 32. Bg2 Re2 33. Bxd5 Nxd5
1/2-1/2